000 00655cam a2200205 4500
001 ABS62115
008 000000n2000 000 0 eng u
035 _a(Sirsi) u105197
100 _aSeidl, A.
245 _aWhose land is it anyway?
260 _c2000
490 _aEstates Gazette
_v(0013) 1 April 2000, 64-68(5)
520 _aOutlines the measures landowners can take to deal with squatters and to prevent them gaining access to land and property in the first place.
590 _aABS
650 _aSQUATTERS
650 _aCRIMINAL LAW ACT 1977
650 _aCRIMINAL JUSTICE AND PUBLIC ORDER ACT 1994
690 _aPROPERTY
942 _n0
999 _c63090
_d63090